Sanat - Pisaroita - Elias Kaskinen - Statistics

Yleistilastot
  • Tätä visaa on pelattu 25 kertaa
  • Keskiarvotulos 132 / 207
Vastaustilastot
Vastaus % Oikein
100%
pisaroita
100%
aavikkoon
80%
ainoastaan
80%
avaruuteen
80%
elämässä
80%
hiekkaa
80%
jyvää
80%
kävelee
80%
ku
80%
kun
80%
lähtee
80%
mahtuu
80%
menee
80%
mereen
80%
miks
80%
miljoonia
80%
miten
80%
monta
80%
mustaa
80%
oikein
80%
on
80%
oon
80%
Paljon
80%
paljon
80%
tää
80%
tähtii
80%
taivaaseen
80%
tajuu
80%
tuollaisia
80%
tyhmä
80%
vast
80%
vastaan
80%
yksi
80%
anteeks
60%
ei
60%
en
60%
epäreilua
60%
et
60%
että
60%
ikävä
60%
ja
60%
jo
60%
Jos
60%
jos
60%
kai
60%
kaivannut
60%
katuisin
60%
kuinka
60%
mul
60%
mut
60%
mutta
60%
saan
60%
sano
60%
sanoo
60%
sen
60%
sua
60%
suoraan
60%
tiiän
60%
vielä
60%
vieläkin
60%
Antaisitko
40%
hei
40%
heti
40%
jään
40%
kauhee
40%
kertois
40%
kuitenkin
40%
liikaa
40%
loppuelämäni
40%
maksaa
40%
menettää
40%
minä
40%
myöhemmin
40%
tahdot
40%
taisin
40%
tehdä
40%
toiset
40%
varma
40%
varmaan
40%
virheen
40%
yrittää
40%
aikamme
20%
älä
20%
haluan
20%
haluun
20%
jee
20%
jostakin
20%
jotkut
20%
kaiken
20%
kohtaa
20%
koskaan
20%
loppuun
20%
oot
20%
Ootko
20%
paitsi
20%
sinut
20%
surrut
20%
surusi
20%
sut
20%
takasin
20%
tässä
20%
tullut
20%
unohtaa
20%
vapaus
20%
yhdet
20%
hinta
0%
meidän
0%
pelkäsin
0%
Ehtoja vastaavia visoja ei löytynyt
Tulosjakauma
Jokaisen tuloksen saaneiden osuus
Persentiili vastausten määrän mukaan
Tuloshistoriasi
Et ole pelannut tätä visaa